000 00689cam a2200145 4500500
005 20260208005829.0
041 _afre
042 _adc
100 1 0 _aStistrup Jensen, Merete
_eauthor
245 0 0 _aLe Malentendu. Généalogie du geste herméneutique, sous la direction de BRUNO CLÉMENT et MARC ESCOLA. Presses Universitaires de Vincennes, coll. « La Philosophie hors de soi », 2003. Un vol. de 220 p.
260 _c2005.
500 _a52
786 0 _nRevue d'histoire littéraire de la France | 105 | 3 | 2005-06-01 | p. 655zzy-764zzy | 0035-2411
856 4 1 _uhttps://shs.cairn.info/revue-d-histoire-litteraire-de-la-france-2005-3-page-655zzy?lang=fr&redirect-ssocas=7080
999 _c1654011
_d1654011